Представление документа в формате RUSMARC

ПолеНазваниеЗначение
  Тип записи a
  Библиографический уровень m
001 Контрольный номер RU/IS/BASE/311180281
005 Дата корректировки 20201206204704.4
010 Индекс ISBN __
a ISBN 5-90144407-9
d Цена 650-00
101 Язык документа __
a Язык текста rus
c Язык оригинала rus
200 Заглавие и сведения об ответственности 1_
a Заглавие Сибирские пельмени
e Сведения, относящиеся к заглавию кулинарная повесть
f Первые сведения об ответственности Валерий Новиков ; [фот. А. Елфимов и др.]
b Общее обозначение материала Текст
210 Выходные данные __
a Место издания Тобольск
c Издательство Фонд "Возрождение Тобольска"
d Дата издания 2008
215 Физическое описание __
a Объем 118, [2] с.
c Иллюстрации/тип воспроизводства ил.
330 Аннотация __
a Аннотация Об истории и традициях приготовления сибирских пельменей.
606 Тематические рубрики __
a Основная рубрика Пищевые производства
606 Тематические рубрики __
a Основная рубрика Общие вопросы пищевых производств
610 Ключевые слова __
a Ключевые слова пельмени; сибирские пельмени; приготовление пищи; мясные блюда; рецепты блюд; рецепты приготовления; блюда из теста; рыбные пельмени; литературные произведения; фарш
686 Индексы других классификаций __
a Классификационный индекс 36.992; ст36.992
700 Автор _1
a Фамилия Новиков
b Имя В. Г.
g Полное личное имя Валерий Германович
4 Код отношения 070
801 Источник записи _0
a Страна RU
b Организация Муниципальное бюджетное учреждение культуры "Централизованная библиотечная система" г. Сургут (Центральная городская библиотека им. А. С. Пушкина)
g Правила каталогизации КиК/Поспелова
801 Источник записи _1
a Страна RU
b Организация Муниципальное бюджетное учреждение культуры "Централизованная библиотечная система" г. Сургут (Центральная городская библиотека им. А. С. Пушкина)
g Правила каталогизации КиК/Поспелова
852 Данные о местонахождении __
j Шифр хранения 36.992
c Каталожный индекс 36.992
i Авторский знак Н 73
901 Тип документа __
t Тип документа m
903 Характеристики (МАРС) __
a Дата передачи 20091125
990 Данные о заказе (DOS) __
j Количество экземпляров (DOS) 14
t N записи в КСУ для И/У (DOS) 200911